000 00754nam a2200241 i 4500
001 46475
003 ES-MaACL
005 20251003063056.0
007 t|
008 030331s1966 sp ||||1| spa d
100 1 _aCongar, Yves,
_d1904-1995
_940170
245 1 3 _aEl ejército, la patria y la conciencia /
_cYves María Congar y Joseph Folliet ; [versión castellana de Pedro Darnell].
250 _a1º ed.
260 _aBarcelona :
_bNova Terra,
_c[1966]
300 _a156 p. ;
_c19 cm.
490 1 _aPunto de Vista
650 4 _aEjército.
_9145886
700 1 _aFolliet, Joseph.
_951473
700 1 _aDarnell, Pedro.
_942741
830 0 _aPunto de Vista
_9182100
852 _aES-MaACL
_jC-28848
_bR.58405
999 _c46475
_d46475